| 000 | 00455nam a2200181Ia 4500 | ||
|---|---|---|---|
| 003 | 0STCL | ||
| 008 | 150530s9999 xx 000 0 und d | ||
| 040 |
_aSTCL _cSTCL |
||
| 100 | _aAmitava Mukherjee | ||
| 245 | _aParticipatory Rural Appraisal Methods and Applications in Rural Planning | ||
| 250 | _a2 | ||
| 260 |
_bConcept; Delhi _c2004 _aDelhi |
||
| 300 | _a0 | ||
| 546 | _aEnglish | ||
| 942 |
_2ddc _cBK |
||
| 999 |
_c11953 _d11953 |
||
| 005 | 20220125165616.0 | ||